| 000 | 00578nam a2200181 i 4500 | ||
|---|---|---|---|
| 001 | 33187 | ||
| 003 | ES-MaACL | ||
| 005 | 20230906154719.0 | ||
| 007 | t| | ||
| 008 | 030201s1977 sp ||||1| spa d | ||
| 110 | 2 |
_aBiblioteca Pública (Soria) _9169695 |
|
| 245 | 1 | 0 |
_aCastilla y Soria _b: guía de lectura. |
| 260 |
_a[Madrid : _bComisaría Nacional de Bibliotecas, _c1977] |
||
| 300 |
_a21 p. ; _c23 cm. |
||
| 651 | 4 |
_aSoria (Provincia)- _vBibliografías. _9156573 |
|
| 710 | 1 |
_aEspaña. _bComisaría Nacional de Bibliotecas. _93791 |
|
| 852 |
_aES-MaACL _j2093-F-22 _bR.96608 |
||
| 999 |
_c33187 _d33187 |
||